| 000 | 00520nam a2200181Ia 4500 | ||
|---|---|---|---|
| 003 | GCL | ||
| 008 | 140319s9999 xx 000 0 ara d | ||
| 040 |
_aGCL / _cGCL |
||
| 082 | 0 | 4 |
_a216 _bع م |
| 100 | 1 | _aعفاف سيد صبره | |
| 245 | 1 | 0 |
_aالمستشرقون ومشكلات الحضارة / _cعفاف سيد صبره |
| 260 |
_a[S.N] : _bدار النهضة العربية ، _c1985 |
||
| 300 | _a252 ص | ||
| 490 | _a | ||
| 650 | 0 | 4 | _aالاسلام |
| 650 | 0 | 4 | _aرفع المطاعن |
| 942 |
_2ddc _cBK |
||
| 999 |
_c33025 _d33025 |
||